Variación del paramagnetismo con la temperatura / (Record no. 38056)

MARC details
000 -LEADER
campo de control de longitud fija 00631nam a2200193 i 4500
001 - NÚMERO DE CONTROL
campo de control 38056
003 - IDENTIFICADOR DE NÚMERO DE CONTROL
campo de control ES-MaACL
005 - FECHA Y HORA DE LA ÚLTIMA TRANSACCIÓN
campo de control 20251110063219.0
007 - CAMPO FIJO DE DESCRIPCIÓN FÍSICA--INFORMACIÓN GENERAL
campo de control de longitud fija t|
008 - DATOS DE LONGITUD FIJA--INFORMACIÓN GENERAL
campo de control de longitud fija 030224s1926 sp ||||1| spa d
100 1# - ENTRADA PRINCIPAL--NOMBRE DE PERSONA
Nombre de persona Cabrera, Blas,
Fechas asociadas al nombre 1878-1945
9 (RLIN) 33279
245 10 - MENCIÓN DEL TÍTULO
Título Variación del paramagnetismo con la temperatura /
Mención de responsabilidad, etc. por B. Cabrera y J. Palacios.
260 ## - PUBLICACIÓN, DISTRIBUCIÓN, ETC.
Lugar de publicación, distribución, etc. [Madrid :
Nombre del editor, distribuidor, etc. s.n.,
Fecha de publicación, distribución, etc. 1926]
300 ## - DESCRIPCIÓN FÍSICA
Extensión 11 h. :
Otras características físicas il. ;
Dimensiones 22 cm.
500 ## - NOTA GENERAL
Nota general Es separata de: Anales de la Sociedad Española de Física Y Química. T. XXIV.
700 1# - ENTRADA AGREGADA--NOMBRE PERSONAL
Nombre de persona Palacios, J.
9 (RLIN) 192357
852 ## - LOCALIZACIÓN
Ubicación ES-MaACL
Número de control de estantería 1704-F-19
Holdings
Estatus retirado Estado de pérdida Estado de daño No para préstamo Colección Biblioteca de origen Biblioteca actual Ubicación en estantería Fecha de adquisición Fuente de adquisición Total de préstamos Signatura topográfica completa Código de barras Visto por última vez Precio de reemplazo Tipo de ítem Koha
        Colección de folletos Biblioteca del Ateneo de Madrid Biblioteca del Ateneo de Madrid Depósito folletos 17/01/2008     1704-F-19 1040066 23/02/2023 23/02/2023 Folleto